header

How Ottawa spends, 2006-2007 (Record no. 89342)

MARC details
000 -LEADER
fixed length control field 01519nam a2200337Ia 4500
245 00 - TITLE STATEMENT
Title How Ottawa spends, 2006-2007
260 ## - PUBLICATION, DISTRIBUTION, ETC. (IMPRINT)
Place of publication Montreal ;
-- Ithaca :
Name of publisher Published for the School of Public Policy and Administration, Carleton University, by McGill-Queen's University Press,
Year of publication c2006.
300 ## - PHYSICAL DESCRIPTION
Number of Pages vi, 292 p. :
Other physical details ill.
490 0# - SERIES STATEMENT
Series statement How Ottawa spends ;
650 #0 - SUBJECT ADDED ENTRY--TOPICAL TERM
Topical Term Government spending policy
700 1# - ADDED ENTRY--PERSONAL NAME
Personal name Doern, G. Bruce.
856 40 - ELECTRONIC LOCATION AND ACCESS
Uniform Resource Identifier http://site.ebrary.com/lib/rucke/Doc?id=10559039

No items available.

© 2026 Rongo University
Contact us: librarian | system librarian | Rongo university